[Event "Calcutta Goodricke op"]
[Site "Calcutta"]
[Date "1998.02.09"]
[Round "4"]
[White "Prakash, G B."]
[Black "Shetty, Rahul"]
[Result "1/2-1/2"]
[WhiteElo "2425"]
[BlackElo "2315"]

1.d4 Nf6 2.Nf3 d5 3.c4 c6 4.e3 e6 5.Nc3 Nbd7 6.Qc2 Bd6 7.Be2 O-O 8.O-O Re8
9.Rd1 Qe7 10.h3 b6 11.e4 dxe4 12.Nxe4 Nxe4 13.Qxe4 Bb7 14.Bf4 Nf6 15.Bxd6 Qxd6
16.Qe3 c5 17.dxc5 Qxc5 18.Qxc5 bxc5 19.Ne5 Red8 20.Rxd8+ Rxd8 21.Rd1 Rxd1+
22.Bxd1 Kf8 23.Ba4 Ke7 24.f3 g6 25.Kf2 Nh5 26.h4 f5 27.a3 a5 28.Ke3 f4+ 29.Kf2 Kd6
30.Nf7+ Ke7 31.Ne5 Kd6 32.Nf7+  1/2-1/2

[Event "Chebanenco mem 1st"]
[Site "Kishinev"]
[Date "1998.02.10"]
[Round "2"]
[White "Sakaev, Konstantin"]
[Black "Rogozenko, Dorin"]
[Result "1-0"]
[WhiteElo "2620"]
[BlackElo "2495"]

1.d4 d5 2.c4 c6 3.Nf3 Nf6 4.Nc3 e6 5.e3 Nbd7 6.Qc2 Bd6 7.Bd3 O-O 8.O-O dxc4
9.Bxc4 a6 10.Rd1 b5 11.Be2 c5 12.dxc5 Bxc5 13.Ne4 Qb6 14.Nxc5 Nxc5 15.b3 Bb7
16.Bb2 Be4 17.Qc3 Rfd8 18.Rac1 Ncd7 19.Nd4 e5 20.Nc6 Re8 21.Rd6 Qb7 22.Na5 Qa7
23.Nc6 Qb7 24.Na5 Qa7 25.Qc7 Qxc7 26.Rxc7 Rac8 27.Rxc8 Rxc8 28.Bd1 Nc5 29.f3 Nd3
30.Ba3 Bd5 31.Bc2 e4 32.fxe4 Ne1 33.exd5 Nxc2 34.Rc6 Rxc6 35.dxc6 Nd5 36.Bc5 f5
37.Kf2 Kf7 38.Ke2 Ke6 39.a3 b4 40.axb4 Ncxb4 41.Kd2 h5 42.h4 Na2 43.Kd3 f4
44.exf4 Nxf4+ 45.Kc4 Ng6 46.Bf2 Nc1 47.Bg3 Ne2 48.Bh2 Nxh4 49.Nb7 Nf5 50.Nc5+ Kf6
51.Nxa6 Ne7 52.Nb4 Ke6 53.c7 Kd7 54.Nd3 g5 55.Nc5+ Kc8 56.Be5 Nc6 57.Bd6 Nf4
58.Na4 Na7 59.Nb6+ Kb7 60.Bxf4 Kxb6 61.Be3+ Kxc7 62.Bxa7  1-0

[Event "Calcutta Goodricke op"]
[Site "Calcutta"]
[Date "1998.02.11"]
[Round "6"]
[White "Nenashev, Alexander"]
[Black "Nguyen Anh Dung"]
[Result "1-0"]
[WhiteElo "2625"]
[BlackElo "2500"]

1.d4 d5 2.c4 c6 3.Nf3 Nf6 4.Nc3 e6 5.e3 Nbd7 6.Bd3 Bd6 7.e4 dxe4 8.Nxe4 Nxe4
9.Bxe4 Nf6 10.Bc2 Bb4+ 11.Bd2 Qa5 12.a3 Bxd2+ 13.Qxd2 Qxd2+ 14.Kxd2 Ke7 15.Ne5 Bd7
16.Rhe1 Rhd8 17.Kc3 Be8 18.f4 Kf8 19.b3 Rac8 20.Rad1 g6 21.g4 h5 22.g5 Nd7
23.Be4 Nxe5 24.fxe5 Rc7 25.b4 Ke7 26.Rd3 Ra8 27.a4 a5 28.c5 axb4+ 29.Kxb4 Ra7
30.h4 Rc8 31.a5 Rca8 32.Ra1 Kd8 33.Rf3 Ke7 34.Raa3 Kd7 35.Bd3 Ke7 36.Bc4 Kd8
37.Rfb3 Kc7 38.Rb1 Kc8 39.Be2 Kc7 40.Bc4 Kc8 41.a6 bxa6 42.Ka5 Kc7 43.Be2 Rd8
44.Ra4 Bd7 45.Rab4 Bc8 46.Rf1 Rd7 47.Rf4 Rb7 48.Rb6 Rb8 49.Bf3 Bb7 50.Bg2 Rbd8
51.Rb4 Rc8 52.Rf2 Kd8 53.Rfb2 Rcc7 54.Rb6 Ke7 55.R2b4 Kd8 56.Bf1 Ke8 57.Bg2 Kd8
58.Rc4 Kc8 59.Be4 Re7 60.Kb4 Red7 61.Kc3 Re7 62.Rcb4 Kd8 63.Rb2 Red7 64.Bc2 Re7
65.Ba4 Kc8 66.Rf2 Kd8 67.Rf6 Kc8 68.d5 exd5 69.Kd4 Re6 70.Rxe6 fxe6 71.Bc2 Rf7
72.Bxg6 Rf4+ 73.Ke3 Rxh4 74.Bf7 Kc7 75.g6 Rg4 76.Rb2 a5 77.Rh2 a4 78.Rxh5 a3
79.Rh2 Ba6 80.Kf3 Rg1 81.Ra2 Bd3 82.Rxa3 Bxg6 83.Bxe6 Re1 84.Ra7+ Kb8 85.Rg7 Bh5+
86.Kf4 Re4+ 87.Kf5 Re3 88.Kf6 Rf3+ 89.Bf5 d4 90.Rg5  1-0

[Event "Calcutta Goodricke op"]
[Site "Calcutta"]
[Date "1998.02.11"]
[Round "6"]
[White "Prakash, G B."]
[Black "Barua, Dibyendu"]
[Result "0-1"]
[WhiteElo "2425"]
[BlackElo "2520"]

1.d4 d5 2.c4 e6 3.Nf3 c6 4.e3 Nf6 5.Nc3 Nbd7 6.Qc2 Bd6 7.Be2 O-O 8.O-O dxc4
9.Bxc4 Qe7 10.h3 e5 11.a3 Bb8 12.Ba2 h6 13.Nh4 Rd8 14.Nf5 Qe8 15.Ne2 Nf8
16.dxe5 Qxe5 17.Nfg3 Be6 18.e4 Bxa2 19.Rxa2 Ne6 20.b4 Qb5 21.Bb2 Ne8 22.Bc3 Qc4
23.Rc1 Nf4 24.Qb1 Qd3 25.Qxd3 Rxd3 26.Kf1 Bc7 27.Nf5 Rad8 28.Nxf4 Bxf4 29.Rcc2 g6
30.Nd4 R3xd4 31.Bxd4 Rxd4 32.g3 Bc7 33.Rd2 Rxe4 34.Rd7 Kf8 35.Re2 Rxe2 36.Kxe2 b5
37.f4 h5 38.Kf3 Kg7 39.Re7 Kf8 40.Rd7 Bb6 41.g4 hxg4+ 42.hxg4 Nc7 43.f5 gxf5
44.gxf5 Ke8 45.Rd6 c5 46.bxc5 Bxc5 47.Rc6 Bb6 48.Ke4 Kd7 49.Rc2 Ne8 50.Ke5 f6+
51.Kd5 Nc7+ 52.Ke4 Kd6 53.Rh2 Bc5 54.Rh6 Nd5 55.Rh8 Nb6 56.Re8 Nd7 57.Re6+ Kc7
58.a4 bxa4 59.Kd5 a3 60.Kc4 a5 61.Kb3 Bd6 62.Ka2 Kc6 63.Kb1 Kc5 64.Ka2 Kd5
65.Re1 Ne5 66.Rd1+ Kc6 67.Kb3 Bc5 68.Rd8 Nf3 69.Rd1 Nd4+ 70.Ka2 Kd5  0-1

[Event "Calcutta Goodricke op"]
[Site "Calcutta"]
[Date "1998.02.12"]
[Round "7"]
[White "Levitt, Jonathan"]
[Black "Schlosser, Philipp"]
[Result "1/2-1/2"]
[WhiteElo "2425"]
[BlackElo "2515"]

1.d4 d5 2.c4 e6 3.Nc3 c6 4.e3 Nf6 5.Nf3 Nbd7 6.Qc2 Bd6 7.Be2 O-O 8.O-O dxc4
9.Bxc4 a6 10.e4 e5 11.Be2 Re8 12.Bg5 Qc7 13.dxe5 Bxe5 14.Nxe5 Qxe5 15.Qd2 h6
16.Bf4 Nxe4 17.Nxe4 Qxe4 18.Bxa6 Nf6 19.Rfe1 Qg6 20.Bc4  1/2-1/2

[Event "Calcutta Goodricke op"]
[Site "Calcutta"]
[Date "1998.02.12"]
[Round "7"]
[White "Horvath, Csaba"]
[Black "Sharma, Dinesh K"]
[Result "1/2-1/2"]
[WhiteElo "2535"]
[BlackElo "2320"]

1.d4 d5 2.c4 c6 3.Nc3 Nf6 4.Nf3 e6 5.e3 Nbd7 6.Qc2 Bd6 7.Bd3 dxc4 8.Bxc4 O-O
9.O-O Qe7 10.h3 e5 11.Bb3 Bc7 12.Bd2 h6 13.Nh4 Rd8 14.Nf5 Qf8 15.Rad1 Nb6
16.dxe5 Bxe5 17.f4 Bc7 18.Ne2 a5 19.Bc3 Bxf5 20.Qxf5 Nbd5 21.Bd4 Bb6 22.Bxb6 Nxb6
23.Rxd8 Qxd8 24.Qc5  1/2-1/2

[Event "Malaga op"]
[Site "Malaga"]
[Date "1998.02.15"]
[Round "3"]
[White "Del Rey, Diego"]
[Black "Cifuentes Parada, Roberto"]
[Result "0-1"]
[WhiteElo "2350"]
[BlackElo "2535"]

1.d4 d5 2.c4 c6 3.Nf3 Nf6 4.e3 e6 5.Nc3 Nbd7 6.Qc2 Bd6 7.b3 O-O 8.Be2 b6
9.O-O Bb7 10.Bb2 Qe7 11.e4 Nxe4 12.Nxe4 dxe4 13.Qxe4 f5 14.Qc2 c5 15.Rfe1 Be4
16.Qd2 cxd4 17.Nxd4 Rad8 18.Bf3 Nc5 19.Qe2 Nd3 20.Bxe4 fxe4 21.Rf1 Nxb2 22.Nc6 Qf6
23.Nxa7 Nd3  0-1

[Event "Honra"]
[Site "Almada"]
[Date "1998.03.08"]
[Round "9"]
[White "Ferreira, Paolo"]
[Black "Dantas, Carlos"]
[Result "1/2-1/2"]
[WhiteElo "2205"]
[BlackElo "2200"]

1.d4 d5 2.c4 c6 3.Nf3 Nf6 4.e3 e6 5.Nc3 Be7 6.Bd3 O-O 7.O-O dxc4 8.Bxc4 b5
9.Bd3 Bb7 10.Qe2 a6  1/2-1/2

[Event "CZE-chT 9798"]
[Site "CZE"]
[Date "1998.03.08"]
[Round "9"]
[White "Polak, Tomas"]
[Black "Sosna, Jan"]
[Result "1-0"]
[WhiteElo "2500"]
[BlackElo "2355"]

1.d4 d5 2.c4 c6 3.Nc3 Nf6 4.e3 e6 5.Nf3 Nbd7 6.Qc2 Bd6 7.Bd3 O-O 8.O-O dxc4
9.Bxc4 e5 10.h3 Qe7 11.a3 b5 12.Bd3 Bb7 13.e4 Rfe8 14.Be3 a6 15.b4 g6 16.dxe5 Nxe5
17.Nxe5 Bxe5 18.Bc5 Qc7 19.Rae1 Rac8 20.Ne2 Nd7 21.f4 Nxc5 22.bxc5 Bg7 23.e5 Rcd8
24.Ng3 f6 25.Ne4 fxe5 26.Nd6 Rxd6 27.cxd6 Qxd6 28.f5 e4 29.Bxe4 Re5 30.Rd1 Qc7
31.fxg6 hxg6 32.Bxg6 c5 33.Rf7 Qc6 34.Rd8+  1-0

[Event "CZE-chT 9798"]
[Site "CZE"]
[Date "1998.03.08"]
[Round "9"]
[White "Jaworski, Miroslaw"]
[Black "Kuczynski, Robert"]
[Result "1/2-1/2"]
[WhiteElo "2395"]
[BlackElo "2485"]

1.d4 d5 2.c4 c6 3.Nf3 Nf6 4.Nc3 e6 5.e3 Nbd7 6.Qc2 b6 7.b3 Bb7 8.Be2 Be7
9.O-O O-O 10.e4 dxe4 11.Nxe4 c5 12.Nxf6+ Nxf6 13.Bb2 Qc7 14.dxc5 Qxc5 15.Rad1 Rad8
16.Rxd8 Rxd8 17.Rd1 Rxd1+ 18.Qxd1 Ne4 19.Bd4 Qd6 20.Qa1 f6 21.Be3 e5 22.Ne1 Nc5
23.Qb2 f5 24.b4 Nd7 25.c5 Qe6 26.cxb6 Nxb6 27.a3 Bd5 28.Qc2 f4 29.Bc1 Nc4
30.Nd3 Qg6 31.Ne1 Qe6 32.Bd3 g6 33.Be4 Qc6 34.Bxd5+ Qxd5 35.Qd3 Qc6 36.Qb3 Kg7
37.Kf1 Bf6 38.Nd3 Bg5  1/2-1/2

[Event "CZE-chT 9798"]
[Site "CZE"]
[Date "1998.03.08"]
[Round "9"]
[White "Neumann, Peter"]
[Black "Vavra, Pavel"]
[Result "1/2-1/2"]
[WhiteElo "2365"]
[BlackElo "2340"]

1.d4 d5 2.c4 c6 3.Nf3 Nf6 4.Nc3 e6 5.e3 Nbd7 6.Bd3 dxc4 7.Bxc4 b5 8.Bd3 a6
9.e4 c5 10.d5 c4 11.dxe6 cxd3 12.exd7+ Qxd7 13.Bg5 Be7 14.O-O Bb7 15.e5 Ne4
16.Nxe4 Bxe4 17.Bxe7 Qxe7 18.Re1 Bg6 19.e6 O-O 20.Qb3 fxe6 21.Rad1 Qc5 22.Qxe6+ Bf7
23.Qe3 Qxe3 24.fxe3 Bxa2 25.Rxd3 a5 26.Rd4 Rfe8 27.Kf2 a4 28.Ra1 Bc4 29.Nd2 Rf8+
30.Ke1 Be6 31.Rb4 Rac8 32.Ke2 Rf5 33.e4 Rh5 34.h3 Rg5 35.Kf2 Rf8+ 36.Nf3 Rc5
37.Re1 Bc4 38.Rd1 Bb3 39.Rd2 Rc4 40.Rxb5 Rxe4 41.Rb7 Be6 42.Kg3 h6 43.Rd6 Rf7
44.Rb8+ Kh7 45.Re8 Rf6 46.Nd4 Rg6+ 47.Kh2 Rf6 48.Kg3 Rg6+ 49.Kh2 Rf6 50.Kg3  1/2-1/2

[Event "Amber-blind 7th"]
[Site "Monte Carlo"]
[Date "1998.03.13"]
[Round "1"]
[White "Karpov, Anatoly"]
[Black "Anand, Viswanathan"]
[Result "1/2-1/2"]
[WhiteElo "2735"]
[BlackElo "2770"]

1.d4 d5 2.c4 c6 3.Nc3 Nf6 4.e3 e6 5.Nf3 Nbd7 6.Qc2 Bd6 7.Bd3 O-O 8.O-O dxc4
9.Bxc4 a6 10.Rd1 b5 11.Be2 Qc7 12.Ne4 Nxe4 13.Qxe4 e5 14.Qh4 Re8 15.a4 e4
16.Nd2 Re6 17.g3 Be7 18.Qf4 Bd6 19.Qh4 Be7 20.Qf4 Bd6  1/2-1/2

[Event "AUT-chT2S 9798"]
[Site "Austria"]
[Date "1998.03.14"]
[Round "10"]
[White "Petran, Pal"]
[Black "Siklosi, Zoltan"]
[Result "1/2-1/2"]
[WhiteElo "2385"]
[BlackElo "2320"]

1.d4 d5 2.c4 c6 3.Nc3 Nf6 4.e3 e6 5.Nf3 Nbd7 6.Qc2 Bd6 7.g4 dxc4 8.g5 Nd5
9.Bxc4 b5 10.Be2 Bb7 11.Ne4 Be7 12.Bd2 Qb6 13.Rc1 O-O-O 14.Rg1 Kb8 15.a3 f6
16.b4 Rhe8 17.h4 e5 18.dxe5 fxe5 19.Bf1 Bf8 20.Bh3 Qa6 21.Bxd7 Rxd7 22.Qb2 Nb6
23.Nxe5 Rd5 24.f4 Nc4 25.Rxc4 bxc4 26.Nc3 Ka8 27.Kf2 c5  1/2-1/2

[Event "Amber-blind 7th"]
[Site "Monte Carlo"]
[Date "1998.03.14"]
[Round "2"]
[White "Sadler, Matthew"]
[Black "Piket, Jeroen"]
[Result "0-1"]
[WhiteElo "2650"]
[BlackElo "2575"]

1.d4 d5 2.c4 c6 3.Nf3 Nf6 4.Nc3 e6 5.e3 Nbd7 6.Bd3 dxc4 7.Bxc4 b5 8.Bd3 Bb7
9.O-O a6 10.e4 c5 11.d5 Qc7 12.dxe6 fxe6 13.Bc2 c4 14.Nd4 Nc5 15.Be3 e5 16.Nf3 Rd8
17.Qe2 Nd3 18.Rad1 Bb4 19.Ng5 Qd6 20.Nd5 Bxd5 21.exd5 Qxd5 22.Bb6 Rd7 23.Qe3 h6
24.Nh3 Qe4 25.b3 O-O 26.bxc4 bxc4 27.Rb1 Qxe3 28.Bxe3 Nd5 29.g3 a5 30.Ba4 Rc7
31.Bc2 Rd8 32.Kh1 Rf7 33.Rbd1 Nc3 34.Ra1 Ba3 35.Rg1 Bb2 36.Raf1 Ne2 37.Rg2 Bd4
38.f3 Nxg3+ 39.hxg3 Bxe3 40.Re2 Bd4 41.a3 g5 42.Kg2 Kg7 43.Rd1 Bc3 44.Bxd3 Rxd3
45.Rc1 Rfxf3 46.Nf2 Rxg3+ 47.Kh2 Rde3  0-1

[Event "AUT-chT2S 9798"]
[Site "Austria"]
[Date "1998.03.15"]
[Round "11"]
[White "Singer, Richard"]
[Black "Egartner, Wolfgang"]
[Result "1-0"]
[WhiteElo "2160"]
[BlackElo "2165"]

1.d4 d5 2.Nf3 c6 3.c4 e6 4.e3 Nf6 5.Nc3 Nbd7 6.Qc2 Bd6 7.b3 O-O 8.Be2 e5
9.cxd5 Nxd5 10.Nxd5 cxd5 11.dxe5 Nxe5 12.O-O Be6 13.Bb2 Rc8 14.Qd2 Nxf3+
15.Bxf3 Bb8 16.Rac1 Qd6 17.g3 Rfd8 18.Rxc8 Rxc8 19.Rd1 Rd8 20.Kg2 f6 21.h4 Bc7
22.Bd4 Bb6 23.Bxb6 Qxb6 24.Qd4 Qa6 25.Rd2 Rd7 26.Qc5 Qb6 27.Qxb6 axb6 28.Rd4 Kf7
29.Kf1 Ke7 30.Rb4 Rd6 31.Rb5 Kd7 32.Ke2 Kc6 33.a4 Bf5 34.Rb4 Kc5 35.Rd4 b5
36.b4+ Kc6 37.axb5+ Kxb5 38.Bxd5 Rb6 39.e4 Bg4+ 40.Ke3 Ka4 41.e5 Rxb4 42.Rxb4+ Kxb4
43.exf6 gxf6 44.Bxb7 Kc5 45.Kf4 Be6 46.Be4 h6 47.Bf5 Bf7 48.Bc8 Kd6 49.Kf5 Ke7
50.f3 Bh5 51.g4 Be8 52.Be6 Bc6 53.f4 Bb5 54.Bd5 Bd3+ 55.Be4 Be2 56.Kg6 Bxg4
57.Kxh6 Kf7 58.Bd5+ Kf8 59.Kg6 Ke7 60.h5 Be2 61.h6  1-0

[Event "JUG-ch53"]
[Site "Belgrade "]
[Date "1998.03.15"]
[Round "2"]
[White "Drasko, Milan"]
[Black "Barlov, Dragan"]
[Result "1/2-1/2"]
[WhiteElo "2515"]
[BlackElo "2490"]

1.d4 d5 2.c4 c6 3.e3 Nf6 4.Nc3 e6 5.Nf3 Nbd7 6.Qc2 Bd6 7.b3 O-O 8.Be2 e5
9.cxd5 cxd5 10.Nb5 Bb4+ 11.Bd2  1/2-1/2

[Event "Clarin GP f"]
[Site "Villa Gisell"]
[Date "1998.03.15"]
[Round "9"]
[White "Soppe, Guillermo"]
[Black "Braga, Fernando"]
[Result "0-1"]
[WhiteElo "2455"]
[BlackElo "2465"]

1.d4 d5 2.c4 c6 3.Nc3 Nf6 4.e3 e6 5.Nf3 Nbd7 6.Qc2 Bd6 7.Bd2 O-O 8.Bd3 dxc4
9.Bxc4 Qe7 10.O-O a6 11.Rac1 h6 12.Rfe1 b5 13.Bd3 c5 14.Ne4 Nxe4 15.Bxe4 Ra7
16.a4 Bb7 17.axb5 axb5 18.Ra1 Rfa8 19.Bxb7 Rxa1 20.Bxa8 Rxa8 21.dxc5 Nxc5
22.e4 Qb7 23.h3 Ra4 24.e5 Be7 25.b3 Ra8 26.Be3 Na6 27.Rc1 Nb4 28.Qb1 Nd5
29.Qe4 Rc8 30.Rxc8+ Qxc8 31.Bd2 Bc5 32.Qd3 Qa6 33.g4 Qa1+ 34.Kg2 Bb4 35.Qf1 Qa5
36.Bc1 Bc3 37.Kg1 Qb4 38.Qd1 Qe4 39.Kf1 Bxe5 40.Nxe5 Qh1+  0-1

[Event "POL-ch"]
[Site "Ksiaz"]
[Date "1998.03.16"]
[Round "5"]
[White "Grabarczyk, Miroslaw"]
[Black "Kuczynski, Robert"]
[Result "1/2-1/2"]
[WhiteElo "2505"]
[BlackElo "2485"]

1.d4 d5 2.c4 c6 3.Nc3 Nf6 4.e3 e6 5.Nf3 Nbd7 6.Qc2 b6 7.Bd3 Bb7 8.O-O Be7
9.Re1 Qc7 10.b3 Rd8 11.Bb2 h6 12.Rac1 O-O 13.cxd5 exd5 14.a3 Qb8 15.Ne2 Rfe8
16.Ng3 Bf8 17.b4 a6 18.Qe2 b5 19.Ne5 Qd6 20.Qf3 Nb6 21.Nh5 Qe6 22.Nxf6+ gxf6
23.Ng4 Bg7 24.Qh3 Kf8 25.Qh5 Nc4 26.Rc2 Bc8 27.Nxh6 Bxh6 28.Qxh6+ Ke7 29.Bxc4 bxc4
30.Qf4 Rg8 31.f3 Qf5 32.Qxf5 Bxf5 33.Rd2 Rg6 34.Kf2 Bd3 35.Bc3 Rdg8 36.Rg1 f5
37.Rb2 Kd7 38.a4 Rb8 39.Ra1 Rbg8 40.Rg1 Rb8 41.h3 Re8 42.Rh1 Reg8 43.Rh2 Re8
44.Rh1 Reg8 45.Rh2 Re8 46.h4 Rge6 47.Kg3 Rxe3 48.Kf4 f6 49.h5 Re2 50.Rxe2 Rxe2
51.h6 Re8 52.Rh1 Rh8 53.Bd2  1/2-1/2

[Event "New York op"]
[Site "New York"]
[Date "1998.03.16"]
[Round "2"]
[White "Lein, Anatoly"]
[Black "Filippov, Valerij"]
[Result "0-1"]
[WhiteElo "2465"]
[BlackElo "2595"]

1.d4 d5 2.c4 e6 3.Nf3 Nf6 4.Nc3 c6 5.e3 Nbd7 6.Qc2 Bd6 7.Bd2 O-O 8.Rd1 Qe7
9.Be2 dxc4 10.Bxc4 e5 11.Bc1 e4 12.Nd2 Nb6 13.Be2 Bf5 14.h3 Nbd5 15.g4 Bg6
16.g5 Nh5 17.Nxd5 cxd5 18.Rg1 Qe6 19.Qb3 Qxh3 20.Nb1 Qh2 21.Rf1 Bf5 22.Kd2 Nf4
23.Nc3 Nxe2 24.Nxe2 Bg4 25.Qxd5 Bb4+ 26.Nc3 Bxd1 27.Kxd1 Qg2 28.Ke1 Rfd8
29.Qb5 Bxc3+ 30.bxc3 a6 31.Qxb7 Rab8 32.Qxa6 Qxg5 33.Qa4 h5 34.Kd2 Qg2 35.Qd1 Rb1
36.Kc2 Rdb8 37.c4 h4 38.d5 Ra1 39.a3 h3 40.d6 Ra2+ 41.Kc3 Qg5 42.Qd5 Qxd5
43.cxd5 h2 44.Rh1 Rxf2 45.a4 g5 46.Ba3 g4 47.d7 Rd8 48.Bd6 Rxd7 49.Bxh2 Rxd5
50.Bf4 Rd3+ 51.Kb4 Rb2+ 52.Kc5 Rc2+ 53.Kb4 f6 54.Ra1 g3 55.Bxg3 Rxe3 56.Be1 Kf7
57.a5 f5 58.a6 Rxe1 59.Rxe1 Ra2 60.Kb5 Kf6 61.Kb6 Ke5 62.a7 f4 63.Rb1 Rxa7
64.Kxa7 f3 65.Rb5+ Kf4 66.Rb8 e3 67.Rf8+ Kg3  0-1

[Event "New York op"]
[Site "New York"]
[Date "1998.03.17"]
[Round "3"]
[White "Chernin, Alexander"]
[Black "Novikov, Igor A"]
[Result "1/2-1/2"]
[WhiteElo "2645"]
[BlackElo "2550"]

1.c4 e6 2.Nc3 d5 3.d4 c6 4.e3 Nf6 5.Nf3 Nbd7 6.Bd3 dxc4 7.Bxc4 b5 8.Bd3 Bb7
9.O-O b4 10.Ne4 Be7 11.a3 bxa3 12.Nxf6+ Nxf6 13.bxa3 O-O 14.Rb1 Qc7 15.e4 c5
16.Qc2 Rac8 17.e5 Nd5 18.Bxh7+ Kh8 19.Be4 cxd4 20.Qd3 Nb6 21.Nxd4 Bxe4 22.Qxe4 Kg8
23.Qg4 Qxe5 24.Rb5 Nd5 25.Nf3 Qe2 26.Bb2 Bf6 27.Bxf6  1/2-1/2

[Event "New York op"]
[Site "New York"]
[Date "1998.03.18"]
[Round "5"]
[White "Georgiev, Kiril"]
[Black "Stripunsky, Alexander"]
[Result "1-0"]
[WhiteElo "2675"]
[BlackElo "2475"]

1.d4 d5 2.c4 c6 3.Nf3 Nf6 4.Nc3 e6 5.e3 Nbd7 6.Qc2 Bd6 7.Bd3 O-O 8.O-O dxc4
9.Bxc4 b5 10.Be2 Bb7 11.Rd1 Qc7 12.e4 e5 13.dxe5 Nxe5 14.Nd4 Ng6 15.g3 Rfe8
16.Bg5 Be5 17.Nf5 Re6 18.f3 Ne7 19.Nd4 Bxd4+ 20.Rxd4 Qb6 21.Rd1 c5 22.R4d2 c4+
23.Kg2 Re8 24.a4 b4 25.Bxf6 Rxf6 26.Nb5 Ng6 27.Rd6 Bxe4 28.Qxc4 Bc6 29.Rxf6 gxf6
30.Nd6 Ne5 31.Qf4 Ng6 32.Qd2 Rd8 33.b3 Qc5 34.Qd4 Qe5 35.Kf2 Qxd4+ 36.Rxd4 Kf8
37.f4 Ne7 38.Bc4 Nc8 39.Nf5 Rxd4 40.Nxd4 Bd7 41.a5 Nd6 42.Bd5 Ke7 43.Nc2 Nf5
44.Nxb4 Kd6 45.Bxf7 Kc5 46.Nd5 Be8 47.b4+ Kd6 48.Bg8  1-0

[Event "New York op"]
[Site "New York"]
[Date "1998.03.20"]
[Round "7"]
[White "Chernin, Alexander"]
[Black "Tischbierek, Raj"]
[Result "1-0"]
[WhiteElo "2645"]
[BlackElo "2525"]

1.c4 e6 2.Nc3 d5 3.d4 c6 4.e3 Nf6 5.Nf3 Nbd7 6.Bd3 Bb4 7.Qc2 O-O 8.O-O Re8
9.a3 Ba5 10.Bd2 dxc4 11.Bxc4 Bc7 12.Ba2 h6 13.Rad1 e5 14.e4 Nh5 15.Bc1 exd4
16.Nxd4 Qh4 17.f4 Nf8 18.Be3 Bb6 19.Na4 Bg4 20.Nxb6 axb6 21.Nf3 Qe7 22.Ne5 Be6
23.Bb1 Qc7 24.Qf2 c5 25.Qh4 Nf6 26.Bd2 Bb3 27.Rde1 Ne6 28.Rf3 Rad8 29.Bc3 Bd1
30.Rfe3 b5 31.Bd3 b4 32.axb4 cxb4 33.Bxb4 Bc2 34.Bb5 Qb6 35.Bxe8 Rxe8 36.Bc3 Nxe4
37.Kh1 Nxc3 38.bxc3 Bf5 39.Nf3 Ra8 40.Qg3 Ra4 41.Nh4 Rxf4 42.Nxf5 Rxf5 43.Rf3 Rd5
44.Qb8+ Rd8 45.Qe5 Rd7 46.h3 Qc6 47.Qf5 Qc7 48.Rd3 Rxd3 49.Qxd3 Qc6 50.Qe3 Qd5
51.Rb1 Qc6 52.Qe5 Nc5 53.Re1 Ne6 54.Rd1 Qb6 55.Ra1 Qd8 56.Rb1 Qc8 57.Rf1 Qd7
58.Ra1 Qc8 59.Kh2 Nc5 60.c4 Nd3 61.Qd4 Qc7+ 62.Kg1 Nc5 63.Qd5 Qe7 64.Kh1 b6
65.Qf5 Qd8 66.Re1 Ne6 67.Qd5 Qc7 68.Qa8+ Kh7 69.Qe4+ g6 70.Rf1 Kg7 71.Qf3 Ng5
72.Qf6+ Kg8 73.Ra1 Qb7 74.Qd8+ Kg7 75.Ra8  1-0

[Event "Amber-rapid 7th"]
[Site "Monte Carlo"]
[Date "1998.03.21"]
[Round "8"]
[White "Karpov, Anatoly"]
[Black "Kramnik, Vladimir"]
[Result "1-0"]
[WhiteElo "2735"]
[BlackElo "2790"]

1.d4 Nf6 2.c4 e6 3.Nf3 d5 4.Nc3 c6 5.e3 Nbd7 6.Qc2 Bd6 7.Bd3 O-O 8.O-O dxc4
9.Bxc4 a6 10.Rd1 b5 11.Be2 Qc7 12.e4 e5 13.g3 Re8 14.a3 Bb7 15.dxe5 Nxe5
16.Bg5 Nxf3+ 17.Bxf3 Be5 18.Bxf6 gxf6 19.Bg4 Rad8 20.Bf5 Bc8 21.Bxc8 Qxc8
22.Rac1 Qe6 23.Rxd8 Rxd8 24.Nd1 c5 25.Qxc5 Qb3 26.Ne3 Qxb2 27.Qc8 Rf8 28.Qg4+ Kh8
29.Rc8  1-0

[Event "New York op"]
[Site "New York"]
[Date "1998.03.21"]
[Round "8"]
[White "Bareev, Evgeny"]
[Black "Serper, Grigory"]
[Result "1-0"]
[WhiteElo "2675"]
[BlackElo "2540"]

1.d4 d5 2.c4 c6 3.Nf3 Nf6 4.Nc3 e6 5.e3 Nbd7 6.Qc2 Bd6 7.Bd3 O-O 8.O-O dxc4
9.Bxc4 Qe7 10.h3 c5 11.dxc5 Bxc5 12.e4 Bd6 13.Nb5 Bb8 14.b3 a6 15.Ba3 Nc5
16.Nbd4 Ba7 17.e5 Nh5 18.Rac1 Bd7 19.Bd3 Rfc8 20.Bxh7+ Kh8 21.Be4 Rab8 22.Qe2 f5
23.Bb1 b5 24.Qd2 Ne4 25.Bxe4 Qxa3 26.Bc6 Bxc6 27.Nxc6 Ng3 28.Nxb8 Rxc1 29.Rxc1 Qxc1+
30.Qxc1 Ne2+ 31.Kf1 Nxc1 32.Nxa6 Nxa2 33.Ng5 Nc1 34.Nxe6 Nxb3 35.Nec7 Nd2+
36.Ke2 Ne4 37.e6  1-0

[Event "BCF-chT 97/98 (4NCL)"]
[Site "GBR"]
[Date "1998.03.22"]
[Round "8"]
[White "Wells, Peter K"]
[Black "Pert, Richard G"]
[Result "1/2-1/2"]
[WhiteElo "2530"]
[BlackElo "2235"]

1.d4 d5 2.c4 e6 3.Nf3 c6 4.Nc3 Nf6 5.e3 Nbd7 6.Bd3 Bd6 7.e4 dxe4 8.Nxe4 Nxe4
9.Bxe4 h6 10.O-O O-O 11.Bc2 e5 12.Qd3 f5 13.c5 Bb8 14.dxe5 Nxe5 15.Qb3+ Kh8
16.Re1 Qf6 17.Bf4 Be6 18.Bxe5 Bxe5 19.Qxb7 Rab8 20.Qxc6 Rfc8 21.Qa6 Rxc5
22.Qxa7 Rxc2  1/2-1/2

[Event "POL-ch"]
[Site "Ksiaz"]
[Date "1998.03.25"]
[Round "12"]
[White "Kempinski, Robert"]
[Black "Kuczynski, Robert"]
[Result "1/2-1/2"]
[WhiteElo "2520"]
[BlackElo "2485"]

1.d4 d5 2.Nf3 c6 3.c4 Nf6 4.Nc3 e6 5.e3 Nbd7 6.Qc2 b6 7.cxd5 exd5 8.Bd3 Bb7
9.O-O Be7 10.b3 O-O 11.Bb2 Bd6 12.Rac1 Re8 13.Bf5 Qe7 14.Rfd1 Rad8 15.h3 Ne4
16.Nxe4 dxe4 17.Bxd7 Rxd7 18.Ne5 Rc7 19.Nc4 Rd7 20.a4 f6 21.a5 Bc7 22.axb6 axb6
23.Ra1 Rd5 24.Ba3  1/2-1/2

[Event "Hampstead GM"]
[Site "Hampstead"]
[Date "1998.03.26"]
[Round "3"]
[White "Buckley, Graeme"]
[Black "McDonald, Neil R"]
[Result "0-1"]
[WhiteElo "2315"]
[BlackElo "2485"]

1.d4 d5 2.c4 c6 3.Nf3 Nf6 4.Nc3 e6 5.e3 Nbd7 6.Qc2 Bd6 7.Be2 O-O 8.O-O b6
9.e4 dxe4 10.Ng5 Qc7 11.g3 e5 12.dxe5 Bxe5 13.Ncxe4 Nxe4 14.Nxe4 c5 15.Bf3 Bb7
16.Bg2 Rfe8 17.Be3 Nf8 18.Nc3 Bxg2 19.Kxg2 Bxc3 20.Qxc3 Qc6+ 21.f3 Ng6 22.Rad1 h6
23.Rd2 Re6 24.Rfd1 Rae8 25.Rd8 Ne5 26.Rxe8+ Qxe8 27.Bf2 Qa4 28.Rd8+ Kh7 29.b3 Qxa2
30.Rd1 Ng6 31.Kg1 Re2 32.Ra1 Qb2 33.Qxb2 Rxb2 34.Rxa7 Ne5 35.Rb7 Nxf3+ 36.Kg2 Ne5
37.Kf1 Rxb3  0-1

[Event "Hampstead IM"]
[Site "Hampstead"]
[Date "1998.03.27"]
[Round "4"]
[White "Vigus, James"]
[Black "Naylor, John"]
[Result "1/2-1/2"]
[WhiteElo "2260"]
[BlackElo "2265"]

1.d4 d5 2.c4 c6 3.Nc3 Nf6 4.e3 e6 5.Nf3 Nbd7 6.Qc2 Bd6 7.Bd3 O-O 8.O-O e5
9.cxd5 cxd5 10.e4 exd4 11.Nxd5 Nxd5 12.exd5 h6 13.Bh7+ Kh8 14.Bf5 Nb6 15.Rd1 Qf6
16.Bxc8 Raxc8 17.Qe4 Rfe8 18.Qxd4 Qxd4 19.Nxd4 Rc5 20.Nf3 Rc2 21.Nd4  1/2-1/2

[Event "Vorarlberg-ch qual"]
[Site "Hohenems"]
[Date "1998.03.27"]
[Round "4"]
[White "Spiegel, Wilfried"]
[Black "Schmidlechner, Alexander"]
[Result "0-1"]
[WhiteElo "2024"]
[BlackElo "2083"]

1.d4 d5 2.c4 c6 3.Nc3 Nf6 4.e3 e6 5.Nf3 Nbd7 6.Qc2 Bd6 7.b3 O-O 8.Be2 dxc4
9.bxc4 e5 10.O-O Re8 11.Bb2 e4 12.Nd2 Qe7 13.Rfe1 Nf8 14.f3 exf3 15.Bxf3 Ng4
16.Nf1 Ng6 17.g3 h5 18.e4 Be6 19.c5 Bc7 20.Nd1 h4 21.Nf2 Nxh2 22.Nxh2 hxg3
23.d5 Nh4 24.Qc3 Qg5 25.dxe6 gxf2+ 26.Kxf2 Qg3+ 27.Ke2 Qxh2+ 28.Kd3 f6 29.Re2 Qf4
30.Bh5 Be5 31.Qb3 g6 32.Rg1 Kh7 33.Bc1 Qxc1 34.Qxb7+ Kh6 35.Rxc1 gxh5 36.Qf7 Rf8
37.Qb7 Rab8 38.Qxc6 Rfd8+ 39.Kc2 Rb2+  0-1

[Event "Neckar op 2nd"]
[Site "Deizisau"]
[Date "1998.04.07"]
[Round "3"]
[White "Haba, Petr"]
[Black "Duppel, Matthias"]
[Result "1-0"]
[WhiteElo "2570"]
[BlackElo "2255"]

1.d4 d5 2.c4 c6 3.Nf3 Nf6 4.Nc3 e6 5.e3 Nbd7 6.Qc2 Bd6 7.e4 dxe4 8.Nxe4 Nxe4
9.Qxe4 Bb4+ 10.Bd2 Bxd2+ 11.Nxd2 c5 12.dxc5 Qc7 13.Qe3 Nxc5 14.b4 Nd7 15.Rc1 a5
16.a3 axb4 17.axb4 b6 18.Be2 Bb7 19.O-O O-O 20.Bf3 Rfd8 21.h3 Rac8 22.Rfd1 Nb8
23.Bxb7 Qxb7 24.Nb3 h6 25.Rxd8+ Rxd8 26.b5 Nd7 27.Nd4 Nc5 28.Nc6 Rd3 29.Qf4 Rd7
30.Ra1 Qc7 31.Ne5 f6 32.Ra8+ Rd8 33.Rxd8+ Qxd8 34.Nc6 Qd1+ 35.Kh2 e5 36.Qg3 Qd7
37.Qa3 Qb7 38.Qa2 e4 39.g3 Kh7 40.Nb4 Qc7 41.Nd5 Qd6 42.Kg2 Nd7 43.Qd2 f5
44.Qd4 Nc5 45.Qe3 Nd7 46.h4 Kg8 47.Qd4 Kf7 48.h5 Nc5 49.Qa1 Nd7 50.Qa8 Ne5
51.Qb7+ Kf8 52.Qc8+  1-0

[Event "Metz op"]
[Site "Metz"]
[Date "1998.04.07"]
[Round "3"]
[White "Lehtivaara, Petri"]
[Black "Korneev, Oleg"]
[Result "1/2-1/2"]
[WhiteElo "2370"]
[BlackElo "2560"]

1.d4 d5 2.c4 e6 3.Nc3 c6 4.e3 Nf6 5.Nf3 Nbd7 6.Qc2 Bd6 7.Be2 O-O 8.O-O Re8
9.Rd1 Qe7 10.h3 h6 11.b3 dxc4 12.Bxc4 e5 13.Nh4 Nf8 14.dxe5 Qxe5 15.Nf3 Qe7
16.Bb2 Be6 17.Ne4 Nxe4 18.Qxe4 Rad8 19.Bxe6 Nxe6 20.Qg4 g6 21.Qc4 Ba3 22.Bc3 Qc5
23.Ne5 Qxc4 24.Nxc4 Be7 25.Na5 Rxd1+ 26.Rxd1 Rd8 27.Rxd8+ Nxd8 28.Nc4 f6
29.Kf1 Kf7 30.Ke2 b5 31.Nd2 c5 32.f4 Nc6 33.g4 f5 34.gxf5 gxf5 35.e4 Bf6
36.Bxf6 Kxf6 37.Ke3 Nb4 38.exf5 Kxf5 39.Ne4 Nd5+ 40.Kf3 Nxf4 41.Nd6+ Ke5
42.Nxb5 a6 43.Nc7 a5 44.Nb5 Nxh3 45.Na3 Kd4 46.Nc4 a4 47.Nb6 a3 48.Nc4 Ng5+
49.Kg4 Kc3 50.Nxa3 Kb2 51.Nc4+ Kxa2 52.Na5 Ka3 53.Nb7 Kb4 54.Kh5 Nf7 55.Kg6 Kb5
56.Kxf7 h5 57.Ke6 h4 58.Kd5 h3 59.Nd6+ Kb4 60.Ne4 h2 61.Ng3 Kxb3 62.Kxc5 Kc3
63.Kd5 Kd3  1/2-1/2